000 00395nam a2200181Ia 4500
001 3043
005 20260306144851.0
008 260306t1990||||xx |||||||||||||| ||spa||
041 _aESP
082 _a245.21
_bV32
100 _aVargas Alzamora, Augusto
_eAUT
245 0 _aFe y compromiso
260 _c1990
300 _a
_c
650 _aGEN
654 _aCHU
942 _cLIB
_dJUS
_fJUS
_2ddc
_n
999 _c3043
_d3043